000 00415nam a22001697a 4500
005 20230111100243.0
008 221220b |||||||| |||| 00| 0 eng d
041 _aeng
082 _a622 CHA-T
100 _aCHANDRA ,D., SINGH ,M.P.
_97429
245 _aTEXT BOOK OF COAL
250 _a1st ed.
260 _aVARANASI
_bTARA BOOK AGENCY KAMACHHA
_c2014
300 _a402;P.
650 _aMINING
942 _cBK
999 _c8168
_d8166